[Event "Play for Durgesh Fundraiser Blitz"]
[Site "Vishy Anand Arena"]
[Date "2020.09.19"]
[Round "4"]
[White "ArunaD"]
[Black "Saathwikthegreat"]
[Result "0-1"]
[WhiteElo "1619"]
[BlackElo "1498"]
[Annotator "NA"]
[PlyCount "82"]
[EventDate "2020.09.19"]
[EventType "swiss (blitz)"]

1. f4 d5 2. Nf3 Nc6 3. e3 Nf6 4. Bb5 e6 5. b3 Bd7 6. Bb2 a6 7. Bxc6 Bxc6 8. d3 Be7 9. Nbd2 O-O 10. h3 a5 11. g4 h6 12. g5 hxg5 13. Nxg5 Nh7 14. h4 f6 15. Nxe6 Qd7 16. Nxf8 Rxf8 17. Rg1 Bd6 18. Qg4 Qxg4 19. Rxg4 Bd7 20. Rg3 a4 21. O-O-O a3 22. Bc3 Kf7 23. Rdg1 Rg8 24. e4 dxe4 25. Nxe4 Be7 26. h5 b5 27. Rg6 Nf8 28. R6g3 Ne6 29. h6 g6 30. h7 Rh8 31. Rh1 b4 32. Ba1 Nxf4 33. Ng5+ Kf8 34. Rf3 Nh5 35. Ne4 Kg7 36. Rg3 Rxh7 37. Bxf6+ Bxf6 38. Nxf6 Kxf6 39. Rf1+ Bf5 40. Rgf3 Re7 41. Kd2 Ng7 0-1

[Event "Play for Durgesh Fundraiser Blitz"]
[Site "Vishy Anand Arena"]
[Date "2020.09.19"]
[Round "4"]
[White "Superman1"]
[Black "Avi2454"]
[Result "1-0"]
[WhiteElo "1617"]
[BlackElo "1481"]
[Annotator "NA"]
[PlyCount "33"]
[EventDate "2020.09.19"]
[EventType "swiss (blitz)"]

1. e4 c6 2. d4 d5 3. Nc3 Nf6 4. e5 Nfd7 5. Nge2 e6 6. Be3 f6 7. f4 Be7 8. Qd2 c5 9. g3 Nc6 10. dxc5 Bxc5 11. Bxc5 Nxc5 12. exf6 Qxf6 13. Bg2 O-O 14. O-O e5 15. Nxd5 Qe6 16. Nc7 Qc4 17. Bd5+ 1-0

[Event "Play for Durgesh Fundraiser Blitz"]
[Site "Vishy Anand Arena"]
[Date "2020.09.19"]
[Round "4"]
[White "VK2003"]
[Black "V_j"]
[Result "0-1"]
[WhiteElo "1613"]
[BlackElo "1586"]
[Annotator "NA"]
[PlyCount "54"]
[EventDate "2020.09.19"]
[EventType "swiss (blitz)"]

1. e4 e5 2. Nf3 Nc6 3. Bc4 Nf6 4. d3 d5 5. exd5 Nxd5 6. c3 Be6 7. O-O Bc5 8. Re1 Qd6 9. b4 Bb6 10. b5 Na5 11. Bxd5 Qxd5 12. Rxe5 Qd6 13. Ba3 Qd7 14. Qe2 O-O-O 15. d4 Bc4 16. Qe1 Rhe8 17. Nbd2 Bd5 18. Rxe8 Rxe8 19. Ne5 Qf5 20. Qb1 Qg5 21. Ndf3 Bxf3 22. Nxf3 Qd5 23. Qd3 Nc4 24. Bb4 a5 25. Bc5 Bxc5 26. a4 Bb6 27. Ne5 Nxe5 0-1

[Event "Play for Durgesh Fundraiser Blitz"]
[Site "Vishy Anand Arena"]
[Date "2020.09.19"]
[Round "4"]
[White "Sadhika"]
[Black "chessking2003 qw"]
[Result "1-0"]
[WhiteElo "1611"]
[BlackElo "1696"]
[Annotator "NA"]
[PlyCount "67"]
[EventDate "2020.09.19"]
[EventType "swiss (blitz)"]

1. e4 c5 2. Nc3 Nc6 3. f4 g6 4. Nf3 Bg7 5. Bb5 Nd4 6. O-O a6 7. Bd3 d6 8. Nxd4 cxd4 9. Ne2 Nf6 10. Qe1 Nd7 11. f5 O-O 12. Qg3 b5 13. Nf4 Bb7 14. Qh3 Rc8 15. a3 Nc5 16. b4 Nd7 17. Bb2 Qc7 18. Rae1 Nb6 19. Kh1 Nc4 20. Bc1 a5 21. bxa5 Qxa5 22. Bxc4 Rxc4 23. d3 Rxc2 24. Nd5 Bxd5 25. exd5 Bf6 26. fxg6 fxg6 27. Bh6 Rfc8 28. Qe6+ Kh8 29. Rxf6 Qxe1+ 30. Qxe1 exf6 31. h3 g5 32. Qe7 Rc1+ 33. Kh2 Rf1 34. Qg7# 1-0

[Event "Play for Durgesh Fundraiser Blitz"]
[Site "Vishy Anand Arena"]
[Date "2020.09.19"]
[Round "4"]
[White "Namansati"]
[Black "COLGATE"]
[Result "0-1"]
[WhiteElo "1610"]
[BlackElo "1745"]
[Annotator "NA"]
[PlyCount "72"]
[EventDate "2020.09.19"]
[EventType "swiss (blitz)"]

1. e4 c5 2. Nf3 d6 3. d4 cxd4 4. Nxd4 Nf6 5. Nc3 a6 6. Be3 e5 7. Nb3 Be6 8. Nd5 Nxd5 9. exd5 Bf5 10. Bd3 Bg6 11. Bxg6 hxg6 12. Qd2 Nd7 13. O-O-O Rc8 14. Kb1 Qc7 15. h4 Be7 16. h5 Rxh5 17. Rxh5 gxh5 18. Rh1 g6 19. f3 b5 20. g4 h4 21. c3 a5 22. Bg5 a4 23. Nc1 Nc5 24. Bxe7 Qxe7 25. Qh2 g5 26. Ne2 b4 27. cxb4 Nd3 28. Nc1 Nxb4 29. Re1 Qf6 30. f4 gxf4 31. Ne2 Qg6+ 32. Ka1 Nc2+ 33. Kb1 Nxe1+ 34. Ka1 Nc2+ 35. Kb1 Na3+ 36. Ka1 Qb1# 0-1

[Event "Play for Durgesh Fundraiser Blitz"]
[Site "Vishy Anand Arena"]
[Date "2020.09.19"]
[Round "4"]
[White "HarshPandit"]
[Black "Uddipanroy"]
[Result "1-0"]
[WhiteElo "1608"]
[BlackElo "1714"]
[Annotator "NA"]
[PlyCount "85"]
[EventDate "2020.09.19"]
[EventType "swiss (blitz)"]

1. d4 Nf6 2. c4 g6 3. Nc3 Bg7 4. e4 d6 5. Be3 O-O 6. Bd3 e5 7. d5 a5 8. Nge2 Na6 9. O-O Nc5 10. Bc2 b6 11. f4 exf4 12. Bxf4 Ncd7 13. Nd4 Bb7 14. Qd2 Nh5 15. Bg5 Qe8 16. Ncb5 Rc8 17. Rae1 Ne5 18. b3 Qd7 19. Bd1 Rce8 20. Na7 Ng4 21. h3 Ne5 22. Bxh5 gxh5 23. Nf5 f6 24. Bh6 Bxh6 25. Qxh6 Qf7 26. Nb5 Rc8 27. Nbd4 Qg6 28. Qf4 Rfe8 29. Ne6 Nd3 30. Qe3 Nxe1 31. Rxe1 c6 32. Nh4 Qf7 33. Qg3+ Kh8 34. Qxd6 cxd5 35. exd5 Rcd8 36. Qxb6 Bxd5 37. cxd5 Rxd5 38. Nf5 Rxf5 39. Qe3 Re5 40. Qb6 R8xe6 41. Qb8+ Re8 42. Rxe5 Rxb8 43. Rxa5 1-0

[Event "Play for Durgesh Fundraiser Blitz"]
[Site "Vishy Anand Arena"]
[Date "2020.09.19"]
[Round "4"]
[White "Enthusiast"]
[Black "Aagam aditya e"]
[Result "1-0"]
[WhiteElo "1604"]
[BlackElo "1725"]
[Annotator "NA"]
[PlyCount "57"]
[EventDate "2020.09.19"]
[EventType "swiss (blitz)"]

1. e4 e5 2. Nc3 Nc6 3. Nf3 Nf6 4. d3 Bc5 5. Be2 O-O 6. O-O d6 7. h3 Be6 8. Bg5 h6 9. Bh4 g5 10. Bg3 Nh5 11. Kh2 f5 12. Nxg5 hxg5 13. Bxh5 f4 14. Bg4 fxg3+ 15. fxg3 Qe7 16. Bxe6+ Qxe6 17. Qh5 Qe7 18. Nd5 Qg7 19. c3 Ne7 20. Nxc7 Qg6 21. Qxg6+ Nxg6 22. Nxa8 Rxa8 23. Rf5 g4 24. Rg5 Kh7 25. Rxg4 Kh6 26. Rf1 Be3 27. Rf6 Rg8 28. h4 Kh5 29. Kh3 1-0

[Event "Play for Durgesh Fundraiser Blitz"]
[Site "Vishy Anand Arena"]
[Date "2020.09.19"]
[Round "4"]
[White "Tustintin"]
[Black "bhaveshvyas_01"]
[Result "0-1"]
[WhiteElo "1597"]
[BlackElo "1385"]
[Annotator "NA"]
[PlyCount "108"]
[EventDate "2020.09.19"]
[EventType "swiss (blitz)"]

1. d4 d5 2. c4 dxc4 3. e3 Nf6 4. Bxc4 Be6 5. Bd3 Qd6 6. Nc3 a6 7. Nf3 h6 8. Qc2 Nc6 9. O-O Nb4 10. Qa4+ Bd7 11. Nb5 Nxd3 12. Nxd6+ exd6 13. Qc2 Nb4 14. Qxc7 Rc8 15. Qxb7 a5 16. a3 Nbd5 17. e4 Ne7 18. e5 dxe5 19. dxe5 Nfd5 20. Rd1 Bc6 21. Qb3 f6 22. exf6 gxf6 23. Rxd5 Bxd5 24. Qb5+ Bc6 25. Qe2 Rd8 26. Bd2 Bxf3 27. gxf3 Rg8+ 28. Kf1 Kf7 29. Re1 Nf5 30. Qe6+ Kg6 31. Ke2 Nd4+ 32. Kd1 Nxe6 33. Rg1+ Kh7 34. Rxg8 Kxg8 35. Ke2 Rxd2+ 36. Kxd2 Nc5 37. Ke3 Nb3 38. Kd3 a4 39. Kc4 Bc5 40. Kb5 Bxf2 41. Kxa4 Bh4 42. Kxb3 Bg5 43. Kc4 Bf4 44. Kd3 Bxh2 45. b3 Be5 46. a4 h5 47. Ke4 h4 48. Kf5 h3 49. Kg4 h2 50. a5 h1=Q 51. Kf5 Qg1 52. Ke6 Qg5 53. a6 Qg7 54. b4 Qf7+ 0-1

[Event "Play for Durgesh Fundraiser Blitz"]
[Site "Vishy Anand Arena"]
[Date "2020.09.19"]
[Round "4"]
[White "SidharthS"]
[Black "Furace"]
[Result "1-0"]
[WhiteElo "1589"]
[BlackElo "1967"]
[Annotator "NA"]
[PlyCount "129"]
[EventDate "2020.09.19"]
[EventType "swiss (blitz)"]

1. f4 d5 2. Nf3 g6 3. d3 Bg7 4. g3 c5 5. Bg2 Nc6 6. O-O Nf6 7. Qe1 O-O 8. e4 e6 9. Nc3 Nd4 10. Nxd4 cxd4 11. Ne2 dxe4 12. dxe4 d3 13. cxd3 Qxd3 14. Nc3 Ng4 15. h3 Qd4+ 16. Kh1 Nf6 17. Be3 Qb4 18. Qd2 Qa5 19. e5 Rd8 20. Qc2 Nh5 21. Kh2 Bf8 22. Rad1 Bd7 23. g4 Ng7 24. Ne4 Ne8 25. Rd2 Bc6 26. Rfd1 Rxd2 27. Qxd2 Qxa2 28. Nd6 Nxd6 29. exd6 Bxg2 30. Kxg2 Rd8 31. d7 Qa4 32. Qd4 Qc6+ 33. Kh2 b6 34. Bf2 Bc5 35. Qd2 Bxf2 36. Qxf2 Rxd7 37. Rxd7 Qxd7 38. Qc2 Qd5 39. Qc8+ Kg7 40. Qc3+ e5 41. Qc2 Qd4 42. fxe5 Qxe5+ 43. Kg2 Qe6 44. Qc3+ Qf6 45. Qc2 a5 46. Kh2 Qe5+ 47. Kg2 h6 48. Qd2 g5 49. Qc2 Qf4 50. Qc3+ Qf6 51. Qd3 b5 52. Qc2 Qc6+ 53. Qxc6 b4 54. Qb5 a4 55. Qa5 a3 56. bxa3 b3 57. Qb4 b2 58. Qb3 f5 59. Qxb2+ Kg6 60. gxf5+ Kxf5 61. a4 h5 62. a5 g4 63. a6 gxh3+ 64. Kxh3 Kf4 65. a7 1-0

[Event "Play for Durgesh Fundraiser Blitz"]
[Site "Vishy Anand Arena"]
[Date "2020.09.19"]
[Round "4"]
[White "Evilgenuisfanop2"]
[Black "Chnivas"]
[Result "1-0"]
[WhiteElo "1588"]
[BlackElo "1439"]
[Annotator "NA"]
[PlyCount "93"]
[EventDate "2020.09.19"]
[EventType "swiss (blitz)"]

1. e4 e6 2. Bc4 d5 3. exd5 exd5 4. Bb5+ c6 5. Be2 Nf6 6. Nf3 Bd6 7. O-O O-O 8. d4 h6 9. Ne5 Re8 10. Bf4 Qc7 11. Nc3 Nbd7 12. Nxd7 Bxd7 13. Bxd6 Qxd6 14. Re1 Qf4 15. Bf3 Rxe1+ 16. Qxe1 Qxd4 17. Qe7 Re8 18. Qa3 Qe5 19. h3 a6 20. Qb3 b5 21. Qa3 Bc8 22. Ne2 Qc7 23. Ng3 a5 24. c3 Qb6 25. b4 a4 26. Qb2 Qc7 27. Qd2 Qe5 28. Qd4 Qxd4 29. cxd4 Ne4 30. Re1 Bd7 31. Kf1 Nc3 32. Rxe8+ Bxe8 33. a3 Nb1 34. Ke2 Nxa3 35. Kd2 Nc4+ 36. Kc3 a3 37. Kb3 Nd2+ 38. Kxa3 g6 39. Kb2 Bd7 40. Kc3 Nxf3 41. gxf3 Kf8 42. h4 Ke7 43. h5 Kf6 44. hxg6 fxg6 45. Kd3 h5 46. Ke3 h4 47. Nf1 1-0

[Event "Play for Durgesh Fundraiser Blitz"]
[Site "Vishy Anand Arena"]
[Date "2020.09.19"]
[Round "4"]
[White "Abhishek20082000"]
[Black "VRK"]
[Result "0-1"]
[WhiteElo "1576"]
[BlackElo "1535"]
[Annotator "NA"]
[PlyCount "66"]
[EventDate "2020.09.19"]
[EventType "swiss (blitz)"]

1. d4 Nf6 2. e3 e6 3. c4 d5 4. Nc3 Bb4 5. Nf3 O-O 6. a3 Bxc3+ 7. bxc3 Nc6 8. Qc2 b6 9. Rb1 Na5 10. cxd5 exd5 11. h3 c5 12. Ne5 Be6 13. dxc5 bxc5 14. c4 d4 15. Bd3 Qd6 16. Nf3 dxe3 17. Bxe3 Rad8 18. Rd1 Nxc4 19. Bxh7+ Nxh7 20. Rxd6 Nxe3 21. fxe3 Rxd6 22. O-O Rc8 23. Ne5 Nf6 24. Nc4 Ra6 25. Rxf6 gxf6 26. Kh2 f5 27. Ne5 c4 28. Qf2 c3 29. Qc2 Rxa3 30. Nf3 Ra2 31. Qc1 c2 32. Nd4 Ra1 33. Nxe6 Rxc1 0-1

[Event "Play for Durgesh Fundraiser Blitz"]
[Site "Vishy Anand Arena"]
[Date "2020.09.19"]
[Round "4"]
[White "Doremon2011"]
[Black "Parthivkava"]
[Result "0-1"]
[WhiteElo "1572"]
[BlackElo "1546"]
[Annotator "NA"]
[PlyCount "116"]
[EventDate "2020.09.19"]
[EventType "swiss (blitz)"]

1. e4 c6 2. d4 d5 3. Nc3 dxe4 4. Nxe4 Bf5 5. Nc3 e6 6. Nf3 c5 7. Be3 cxd4 8. Bxd4 Nf6 9. Bxf6 Qxf6 10. Bb5+ Nc6 11. Bxc6+ bxc6 12. Nd4 Bc5 13. Nf3 Bg4 14. h3 Bh5 15. g4 Bg6 16. Qe2 Rd8 17. Nd2 Bxc2 18. Nb3 Bd3 19. Qd2 Be4 20. Nxe4 Bxf2+ 21. Qxf2 Qe5 22. Qe2 O-O 23. Ned2 Qg3+ 24. Qf2 Qxf2+ 25. Kxf2 Rd7 26. Rhd1 Rfd8 27. Ke3 h6 28. Nc5 Rd5 29. Nce4 f5 30. gxf5 exf5 31. Nf2 Re5+ 32. Kf3 g5 33. Kg2 f4 34. Kf1 Rde8 35. Rac1 Re2 36. Rxc6 Kf7 37. Rxh6 Kg7 38. Ra6 R2e3 39. Rxa7+ Kg6 40. Ra6+ Kh5 41. Ra5 Kh4 42. Nc4 Rg3 43. Nd6 Rd8 44. b4 g4 45. b5 gxh3 46. Nxh3 Rxh3 47. b6 Rh1+ 48. Ke2 Rxd1 49. Kxd1 Rxd6+ 50. Kc2 Rxb6 51. a4 Kg3 52. Kc3 f3 53. Kd4 Kf2 54. Ke4 Ke2 55. Rf5 f2 56. a5 f1=Q 57. Rf2+ Qxf2 58. axb6 Qe3+ 0-1

[Event "Play for Durgesh Fundraiser Blitz"]
[Site "Vishy Anand Arena"]
[Date "2020.09.19"]
[Round "4"]
[White "Chess98c"]
[Black "nishu123"]
[Result "1-0"]
[WhiteElo "1565"]
[BlackElo "1537"]
[Annotator "NA"]
[PlyCount "41"]
[EventDate "2020.09.19"]
[EventType "swiss (blitz)"]

1. e4 e5 2. Nf3 Nc6 3. Bc4 Nd4 4. O-O Nxf3+ 5. Qxf3 Nf6 6. Qb3 d5 7. exd5 Bd6 8. d4 exd4 9. Re1+ Be7 10. d6 O-O 11. dxe7 Qd6 12. exf8=Q+ Qxf8 13. c3 dxc3 14. Nxc3 Be6 15. Bxe6 fxe6 16. Qxe6+ Kh8 17. Bg5 Re8 18. Qf5 Qg8 19. Bxf6 gxf6 20. Qxf6+ Qg7 21. Rxe8# 1-0

[Event "Play for Durgesh Fundraiser Blitz"]
[Site "Vishy Anand Arena"]
[Date "2020.09.19"]
[Round "4"]
[White "Pradosh"]
[Black "Sushruthareddy"]
[Result "0-1"]
[WhiteElo "1565"]
[BlackElo "1611"]
[Annotator "NA"]
[PlyCount "66"]
[EventDate "2020.09.19"]
[EventType "swiss (blitz)"]

1. d4 d5 2. e3 Nf6 3. Nf3 e6 4. Nc3 c5 5. Be2 Nc6 6. O-O cxd4 7. exd4 Bd6 8. Bd3 O-O 9. Re1 Qc7 10. Nh4 h6 11. Qf3 Bxh2+ 12. Kf1 Bd6 13. g3 Nxd4 14. Qd1 b6 15. Be2 Nxe2 16. Qxe2 Bb7 17. Qd3 Bb4 18. Bf4 Qc6 19. a3 Bxc3 20. bxc3 Rae8 21. Rac1 Rc8 22. Qf3 Qxc3 23. Qxc3 Rxc3 24. Re3 Rxe3 25. Bxe3 Rc8 26. f4 Ne4 27. Bf2 Rc3 28. Be1 Rxa3 29. c3 Ra2 30. Ng2 Ba6+ 31. Kg1 Re2 32. Rb1 Kh7 33. Rc1 b5 0-1

[Event "Play for Durgesh Fundraiser Blitz"]
[Site "Vishy Anand Arena"]
[Date "2020.09.19"]
[Round "4"]
[White "Tarun Mateti"]
[Black "Ruhikansb"]
[Result "1-0"]
[WhiteElo "1558"]
[BlackElo "1278"]
[Annotator "NA"]
[PlyCount "47"]
[EventDate "2020.09.19"]
[EventType "swiss (blitz)"]

1. d4 d5 2. c4 dxc4 3. e3 Nf6 4. Bxc4 Nc6 5. Nc3 e6 6. Nf3 Bb4 7. O-O O-O 8. Bd3 Re8 9. e4 e5 10. dxe5 Nxe5 11. Nxe5 Rxe5 12. f4 Re8 13. e5 Nd5 14. Nxd5 Qxd5 15. Bxh7+ Kxh7 16. Qxd5 Be6 17. Qe4+ Bf5 18. Qxf5+ g6 19. Qxf7+ Kh8 20. Qxg6 Bc5+ 21. Kh1 Bf8 22. Rf3 Re7 23. Rh3+ Rh7 24. Qxh7# 1-0

[Event "Play for Durgesh Fundraiser Blitz"]
[Site "Vishy Anand Arena"]
[Date "2020.09.19"]
[Round "4"]
[White "Gonda"]
[Black "Nalini Agarwala"]
[Result "1-0"]
[WhiteElo "1556"]
[BlackElo "1424"]
[Annotator "NA"]
[PlyCount "53"]
[EventDate "2020.09.19"]
[EventType "swiss (blitz)"]

1. e4 e5 2. Nf3 Nc6 3. Bb5 Nf6 4. d3 Bc5 5. O-O d6 6. h3 Bd7 7. c3 Na5 8. Bxd7+ Qxd7 9. b4 Bxf2+ 10. Rxf2 Nc6 11. a4 b5 12. axb5 Nb8 13. c4 O-O 14. Bg5 Qe7 15. Nc3 c6 16. bxc6 Nxc6 17. Nd5 Qb7 18. b5 Ne7 19. Nxf6+ gxf6 20. Bxf6 Ng6 21. h4 h5 22. Ng5 a6 23. Qxh5 Rfc8 24. Qh7+ Kf8 25. Ne6+ Ke8 26. Qg8+ Kd7 27. Qxf7+ 1-0

[Event "Play for Durgesh Fundraiser Blitz"]
[Site "Vishy Anand Arena"]
[Date "2020.09.19"]
[Round "4"]
[White "Vivaan_r_2204"]
[Black "Chessison"]
[Result "0-1"]
[WhiteElo "1551"]
[BlackElo "1620"]
[Annotator "NA"]
[PlyCount "86"]
[EventDate "2020.09.19"]
[EventType "swiss (blitz)"]

1. e4 e5 2. Bc4 Nc6 3. a3 Bc5 4. Nc3 Nf6 5. d3 O-O 6. Nf3 h6 7. h3 a6 8. O-O d6 9. Be3 Ba7 10. Qc1 Be6 11. Bxe6 fxe6 12. Nh4 Nxe4 13. Ng6 Nxc3 14. bxc3 Rf7 15. Bxh6 gxh6 16. Qxh6 Rh7 17. Qd2 Qf6 18. Nf8 Rxf8 19. d4 exd4 20. cxd4 Qxd4 21. Qxd4 Bxd4 22. Rad1 Rhf7 23. c3 Bxf2+ 24. Kh1 Bg3 25. Rxf7 Rxf7 26. Kg1 e5 27. Rd3 Bf2+ 28. Kh1 Bc5 29. Rg3+ Rg7 30. Rxg7+ Kxg7 31. h4 e4 32. g4 e3 33. Kg2 Ne5 34. Kf1 Nxg4 35. h5 Kh6 36. c4 Kxh5 37. a4 Nf6 38. Ke2 Kg4 39. Kf1 Nh5 40. Ke2 Nf4+ 41. Kf1 e2+ 42. Ke1 Bb4+ 43. Kf2 e1=Q# 0-1

[Event "Play for Durgesh Fundraiser Blitz"]
[Site "Vishy Anand Arena"]
[Date "2020.09.19"]
[Round "4"]
[White "Ghostly"]
[Black "Danish2009"]
[Result "0-1"]
[WhiteElo "1544"]
[BlackElo "1487"]
[Annotator "NA"]
[PlyCount "112"]
[EventDate "2020.09.19"]
[EventType "swiss (blitz)"]

1. e4 e5 2. f4 exf4 3. Nf3 d6 4. d4 Qe7 5. Bxf4 Qxe4+ 6. Be2 Qxf4 7. Nc3 c6 8. O-O Qh6 9. Re1 Be7 10. Bc4 Nf6 11. Rc1 d5 12. Bd3 Be6 13. Qe2 g6 14. b4 O-O 15. a3 b5 16. Ra1 a6 17. a4 Nbd7 18. axb5 axb5 19. Rxa8 Rxa8 20. Nd1 Bxb4 21. Rf1 Be7 22. Ne3 Qg7 23. Nh4 Nh5 24. Qf2 Bxh4 25. Qxh4 f5 26. Rf3 Qf6 27. Qxf6 Nhxf6 28. Rh3 Nh5 29. Nf1 Nf4 30. Rf3 Nxd3 31. cxd3 Kf7 32. Rh3 Kg7 33. Ng3 f4 34. Rh4 fxg3 35. hxg3 Ra1+ 36. Kf2 Ra2+ 37. Ke1 Rxg2 38. Kf1 Rxg3 39. Rh1 Rxd3 40. Rg1 Rd1+ 41. Kf2 Rxg1 42. Kxg1 b4 43. Kf2 b3 44. Ke2 b2 45. Kd2 b1=Q 46. Kc3 Qc1+ 47. Kb3 Qc4+ 48. Kb2 Qd3 49. Kc1 Qe2 50. Kb1 Qd2 51. Ka1 h6 52. Kb1 h5 53. Ka1 h4 54. Kb1 h3 55. Ka1 h2 56. Kb1 h1=Q# 0-1

[Event "Play for Durgesh Fundraiser Blitz"]
[Site "Vishy Anand Arena"]
[Date "2020.09.19"]
[Round "4"]
[White "Sml_hari"]
[Black "Conqueror007"]
[Result "1-0"]
[WhiteElo "1535"]
[BlackElo "1287"]
[Annotator "NA"]
[PlyCount "85"]
[EventDate "2020.09.19"]
[EventType "swiss (blitz)"]

1. d4 Nf6 2. c3 d5 3. Bf4 e6 4. e3 Bd6 5. Bg3 O-O 6. Bd3 b6 7. f4 Bb7 8. Nf3 Ne4 9. Bxe4 dxe4 10. Ne5 Nd7 11. O-O c5 12. Nd2 Nxe5 13. fxe5 Be7 14. Qb3 cxd4 15. cxd4 Bh4 16. Bxh4 Qxh4 17. Rae1 Bd5 18. Qc2 Rac8 19. Qb1 Rc6 20. g3 Qe7 21. Nxe4 Rfc8 22. Nc3 a6 23. Nxd5 exd5 24. Rc1 Rxc1 25. Rxc1 Rxc1+ 26. Qxc1 f6 27. Qc8+ Kf7 28. Qf5 g6 29. Qf4 Ke6 30. Qg4+ f5 31. Qf4 Qb4 32. Qf2 a5 33. a3 Qc4 34. Kg2 b5 35. Qd2 b4 36. axb4 axb4 37. h4 b3 38. Kh2 Qc2 39. Qg2 h6 40. Kh3 Qxg2+ 41. Kxg2 Kd7 42. Kf2 g5 43. Kf3 1-0

[Event "Play for Durgesh Fundraiser Blitz"]
[Site "Vishy Anand Arena"]
[Date "2020.09.19"]
[Round "4"]
[White "Deer"]
[Black "Gskaavya"]
[Result "1-0"]
[WhiteElo "1532"]
[BlackElo "1528"]
[Annotator "NA"]
[PlyCount "49"]
[EventDate "2020.09.19"]
[EventType "swiss (blitz)"]

1. e4 c5 2. Nc3 d6 3. f4 Nc6 4. Nf3 e6 5. Bc4 g6 6. d3 Bg7 7. O-O Nge7 8. a3 O-O 9. Ba2 b6 10. Qe1 Bb7 11. Qh4 d5 12. f5 exf5 13. exd5 Ne5 14. Nxe5 Bxe5 15. Bg5 f6 16. Bh6 Re8 17. d6+ Kh8 18. dxe7 Qxe7 19. Rae1 Bd4+ 20. Kh1 Qd7 21. Ne2 Bxb2 22. Nf4 Be5 23. Bf8 Bxf4 24. Qxf6+ Qg7 25. Qxg7# 1-0

[Event "Play for Durgesh Fundraiser Blitz"]
[Site "Vishy Anand Arena"]
[Date "2020.09.19"]
[Round "4"]
[White "Hemanthagowda23"]
[Black "RuchirNSB"]
[Result "0-1"]
[WhiteElo "1532"]
[BlackElo "1183"]
[Annotator "NA"]
[PlyCount "102"]
[EventDate "2020.09.19"]
[EventType "swiss (blitz)"]

1. e4 e5 2. d4 exd4 3. c3 Nc6 4. cxd4 d5 5. exd5 Qxd5 6. Nf3 Bg4 7. Nc3 Qd8 8. Be2 Nf6 9. O-O Bd6 10. h3 Bd7 11. d5 Ne7 12. Bc4 O-O 13. Re1 Ng6 14. Rf1 Re8 15. Nh2 c6 16. dxc6 Bxc6 17. f3 Bc5+ 18. Kh1 Qxd1 19. Rxd1 Rad8 20. Rxd8 Rxd8 21. Bg5 Re8 22. Bxf6 gxf6 23. a3 Ne5 24. Ba2 Nd3 25. b4 Bb6 26. Ng4 Re1+ 27. Rxe1 Nxe1 28. Nxf6+ Kg7 29. Ng4 f5 30. Nh2 Nc2 31. g4 fxg4 32. hxg4 Nd4 33. Kg2 Kg6 34. Kg3 Kg5 35. f4+ Kg6 36. Bb1+ Kf6 37. Bxh7 Nb5 38. Nxb5 Bxb5 39. Nf3 a5 40. bxa5 Bxa5 41. Nd4 Bd7 42. Bf5 Be8 43. Kf3 Bc3 44. Ke4 Bc6+ 45. Nxc6 bxc6 46. g5+ Kf7 47. Bd7 c5 48. Bc6 Bb2 49. Kf5 Bxa3 50. Bb5 Bb4 51. g6+ Kg7 0-1

[Event "Play for Durgesh Fundraiser Blitz"]
[Site "Vishy Anand Arena"]
[Date "2020.09.19"]
[Round "4"]
[White "Crazyintrovert"]
[Black "deborajbiswas"]
[Result "0-1"]
[WhiteElo "1530"]
[BlackElo "1451"]
[Annotator "NA"]
[PlyCount "110"]
[EventDate "2020.09.19"]
[EventType "swiss (blitz)"]

1. e4 c6 2. Nf3 d5 3. exd5 cxd5 4. g3 e6 5. Bg2 Nc6 6. O-O Bd7 7. d3 Nf6 8. Nc3 g6 9. b3 Bg7 10. Bb2 O-O 11. Rb1 d4 12. Nb5 Be8 13. Nbxd4 Nxd4 14. Nxd4 Nd5 15. Nf3 Bxb2 16. Rxb2 Bc6 17. Ne5 Qc7 18. Nxc6 Qxc6 19. c4 Nc3 20. Bxc6 Nxd1 21. Rxd1 bxc6 22. d4 Rfd8 23. Kf1 Rd7 24. Rbd2 Rad8 25. Ke2 Kg7 26. Ke3 Kf6 27. f4 h6 28. b4 a6 29. Rb2 g5 30. fxg5+ hxg5 31. b5 cxb5 32. cxb5 axb5 33. Rxb5 Kg6 34. a4 e5 35. Rxe5 f6 36. Rc5 Ra7 37. a5 f5 38. Rc6+ Kh5 39. a6 Kg4 40. Kf2 Rda8 41. Ra1 Rd7 42. Rc4 f4 43. gxf4 gxf4 44. Raa4 Kh3 45. d5 Rxd5 46. Rxf4 Rh5 47. Ra3+ Kxh2 48. Ra2 Kh3 49. Kf3 Rg5 50. a7 Rg3+ 51. Ke4 Rg7 52. Ra3+ Rg3 53. Rff3 Rxf3 54. Rxf3+ Kg4 55. Rf7 Kg5 0-1

[Event "Play for Durgesh Fundraiser Blitz"]
[Site "Vishy Anand Arena"]
[Date "2020.09.19"]
[Round "4"]
[White "HRICK2008"]
[Black "Haldankardhruv"]
[Result "0-1"]
[WhiteElo "1529"]
[BlackElo "1764"]
[Annotator "NA"]
[PlyCount "68"]
[EventDate "2020.09.19"]
[EventType "swiss (blitz)"]

1. d4 d5 2. Nc3 Nf6 3. Bf4 e6 4. Nb5 Bd6 5. Nxd6+ cxd6 6. e3 Nc6 7. c3 e5 8. Bg5 e4 9. Be2 O-O 10. h4 h6 11. Bb5 Bg4 12. f3 exf3 13. gxf3 Bh5 14. Be2 Re8 15. Qd2 Bg6 16. O-O-O hxg5 17. hxg5 Nh7 18. f4 Qe7 19. Rh3 Bf5 20. Rg3 Rac8 21. a3 Na5 22. Bd3 Nb3+ 23. Kc2 Nxd2 24. Rxd2 Bxd3+ 25. Rxd3 Qe4 26. Nh3 Qh1 27. Nf2 Qh2 28. Rf3 Qg2 29. e4 dxe4 30. Rde3 exf3 31. Rxe8+ Rxe8 32. Kb3 Qxf2 33. Kc4 Qe2+ 34. Kd5 Qe6# 0-1

[Event "Play for Durgesh Fundraiser Blitz"]
[Site "Vishy Anand Arena"]
[Date "2020.09.19"]
[Round "4"]
[White "Aryamegha_tumari"]
[Black "Prathinav244"]
[Result "0-1"]
[WhiteElo "1525"]
[BlackElo "1273"]
[Annotator "NA"]
[PlyCount "42"]
[EventDate "2020.09.19"]
[EventType "swiss (blitz)"]

1. e4 c5 2. d4 cxd4 3. c3 dxc3 4. Nxc3 d6 5. Bc4 e6 6. Nf3 Nc6 7. Be3 Bd7 8. O-O Be7 9. Qd2 Nf6 10. a3 O-O 11. Bg5 a6 12. Rfe1 Na5 13. Ba2 Rc8 14. Qe2 Qb6 15. b4 Nc6 16. Rab1 Nd4 17. Nxd4 Qxd4 18. Nd1 Qe5 19. Bh4 Bb5 20. Qf3 Rc2 21. Bb3 Rd2 0-1

[Event "Play for Durgesh Fundraiser Blitz"]
[Site "Vishy Anand Arena"]
[Date "2020.09.19"]
[Round "4"]
[White "Alan K thomas"]
[Black "VenkChess"]
[Result "0-1"]
[WhiteElo "1522"]
[BlackElo "1421"]
[Annotator "NA"]
[PlyCount "52"]
[EventDate "2020.09.19"]
[EventType "swiss (blitz)"]

1. e4 c6 2. d4 d5 3. Nc3 dxe4 4. Nxe4 Nf6 5. Nxf6+ exf6 6. Nf3 Bd6 7. Be3 Bg4 8. Be2 O-O 9. h3 Bh5 10. Qd2 Re8 11. O-O-O a5 12. Bf4 Bxf4 13. Qxf4 Rxe2 14. Rhe1 Rxe1 15. Rxe1 Bxf3 16. Qxf3 Nd7 17. Qf5 Nb6 18. Qc5 Qd5 19. Qxb6 Qxa2 20. Qxb7 Rd8 21. Qd7 Qa1+ 22. Kd2 Qxe1+ 23. Kxe1 Rxd7 24. c3 Kf8 25. Ke2 Rb7 26. Kd3 Rxb2 0-1

[Event "Play for Durgesh Fundraiser Blitz"]
[Site "Vishy Anand Arena"]
[Date "2020.09.19"]
[Round "4"]
[White "Aarav810"]
[Black "Vaishnavi0309"]
[Result "1-0"]
[WhiteElo "1514"]
[BlackElo "1422"]
[Annotator "NA"]
[PlyCount "35"]
[EventDate "2020.09.19"]
[EventType "swiss (blitz)"]

1. e4 e5 2. Nf3 Nc6 3. Bc4 Bc5 4. b4 Bxb4 5. c3 Bc5 6. d4 exd4 7. O-O d6 8. cxd4 Bb6 9. Qb3 Qe7 10. e5 Na5 11. Qc2 Nxc4 12. Qxc4 Be6 13. d5 Bf5 14. exd6 Qxd6 15. Ba3 Qf6 16. Re1+ Kd8 17. Nc3 Nh6 18. Be7+ 1-0

[Event "Play for Durgesh Fundraiser Blitz"]
[Site "Vishy Anand Arena"]
[Date "2020.09.19"]
[Round "4"]
[White "Beradia"]
[Black "Rosh161011"]
[Result "0-1"]
[WhiteElo "1513"]
[BlackElo "1684"]
[Annotator "NA"]
[PlyCount "70"]
[EventDate "2020.09.19"]
[EventType "swiss (blitz)"]

1. e4 e6 2. Nf3 c5 3. d4 d5 4. exd5 exd5 5. dxc5 Bxc5 6. Nc3 Ne7 7. Bb5+ Nbc6 8. O-O O-O 9. Re1 a6 10. Bf1 Be6 11. Na4 Bd6 12. Be3 Bb8 13. Nb6 Ra7 14. Qe2 Qd6 15. Rad1 Bg4 16. Nc4 Bxf3 17. Nxd6 Bxe2 18. Rxe2 Bxd6 19. Bxa7 Nxa7 20. c4 Nac6 21. c5 Bxc5 22. Rc1 Bd6 23. g3 Nd4 24. Rd2 Nf3+ 25. Kg2 Nxd2 26. Rd1 Ne4 27. f3 Nf6 28. Bd3 Rc8 29. b3 Ng6 30. h4 h5 31. Re1 Ne5 32. f4 Nxd3 33. Re3 Rc2+ 34. Kf3 Ng4 35. Rxd3 Rf2# 0-1